Cseh és szlovák költők antologiája /

Uložené v:
Podrobná bibliografia
Ďalší autori: Straka, Anton, 1893- (Compiler)
Médium: Kniha
Jazyk:Hungarian
Vydané: Budapest : Renaissance, [1936].
ISBN: (viaz.)
Fyzický popis: 110 strán ; 20 cm.
Tagy: Pridať tag
Žiadne tagy, Buďte prvý kto otaguje tento záznam!

MARC

LEADER 00000nam a22000002a 4500
001 000578321
005 20180423175634.0
008 010205s1936 hu e 000 hun d
020 |a (viaz.)  |c Kčs 22,00 
040 |a SVKKK  |b slo  |c SVKKK  |e AACR2 
041 1 |a hun 
044 |a hu  |c HU 
245 0 0 |a Cseh és szlovák költők antologiája /  |c összeállította Anton Straka. 
260 |a Budapest :  |b Renaissance,  |c [1936]. 
300 |a 110 strán ;  |c 20 cm. 
700 1 |a Straka, Anton,  |d 1893-  |4 com 
910 |a svkkk 
998 |a BK 
090 |g SCKHL  |k Sklad Hlavná 10 suterén  |a I.48003  |j 572436  |i 2720627771  |s Prezenčne